旅客キロが100kmを超える路線 - Statistics

General Stats
  • This quiz has been taken 2,024 times
    2,012 since last reset
  • The average score is 39 of 54
Answer Stats
事業者 旅客キロ 路線 % Correct
JR東日本/東海/西日本 642.1 東海道本線
99%
JR東日本 565.4 東北本線
99%
JR西日本/九州 539.1 山陽本線
98%
JR西日本 676 山陰本線
96%
JR東日本 713.7 東北新幹線
93%
JR東日本/東海 422.6 中央本線
93%
JR西日本 644 山陽新幹線
92%
JR東海 552.6 東海道新幹線
92%
JR東日本/西日本 470.6 北陸新幹線
90%
JR東日本 343.7 常磐線
90%
JR北海道 458.4 函館本線
88%
JR九州 281.6 鹿児島本線
88%
JR九州 288.9 九州新幹線
87%
JR東日本 164.4 上越線
87%
JR東日本 484.5 奥羽本線
84%
JR北海道 259.4 宗谷本線
82%
JR東海/西日本 174.9 関西本線
81%
JR九州 462.6 日豊本線
80%
JR北海道 362.1 根室本線
80%
JR東海/西日本 384.6 紀勢本線
78%
JR東日本 303.6 上越新幹線
78%
JR東日本 271.7 羽越本線
78%
JR東海/西日本 225.8 高山本線
78%
JR東海 195.7 飯田線
77%
JR九州 148.8 長崎本線
76%
JR北海道 218 室蘭本線
74%
JR東日本 175.3 信越本線
72%
JR北海道 166.2 釧網本線
72%
JR東日本 124.8 総武本線
72%
JR四国 198.7 土讃線
70%
JR北海道 148.8 北海道新幹線
69%
JR東日本 175.6 磐越西線
68%
JR北海道 234 石北本線
66%
JR西日本 159.1 芸備線
63%
JR九州 141.5 久大本線
63%
大手私鉄 108.9 近鉄大阪線
62%
JR東日本 119.4 内房線
61%
JR東日本/西日本 105.4 大糸線
60%
JR西日本 138.4 伯備線
59%
JR九州 124.2 肥薩線
59%
大手私鉄 114.5 東武伊勢崎線
59%
JR九州 148 豊肥本線
58%
JR西日本 158.1 姫新線
57%
JR北海道 132.4 石勝線
57%
三セク 121.9 青い森鉄道線
55%
JR東日本 135.2 只見線
53%
JR東日本 147.2 五能線
51%
JR東日本 147 水郡線
51%
JR西日本 106.5 福知山線
51%
JR東日本 102.1 山田線
46%
三セク 116.9 肥薩おれんじ鉄道線
45%
JR東日本 119.1 成田線
41%
JR東日本 106.9 花輪線
41%
三セク 100.1 あいの風とやま鉄道線
40%
No matching quizzes found
Score Distribution
Percent of People with Each Score
Percentile by Number Answered
Your Score History
You have not taken this quiz since the last reset